000 00534cam a22001933a 4500
001 45289
003 PGUSA
005 20140828084038.0
008 140401s2014||||xxu|||||s|||||000 | eng d
040 _aPGUSA
_beng
042 _adc
245 1 0 _aJack and Jill and Old Dame Gill
_h[electronic resource] /
_cAnonymous
260 _bProject Gutenberg,
_c2014
506 _aPublic domain in the USA.
516 _aElectronic text
830 0 _aProject Gutenberg
_v45289
856 4 0 _uhttp://www.gutenberg.org/ebooks/45289
942 _cEB
999 _c274540
_d274540